Mujer y guerra en los balcanes Kosovo: entre los derechos perdidos y la identidad pendiente /

Detalles Bibliográficos
Autor principal: Jara Gm̤ez, Ana M.
Formato: eBook
Lenguaje:español
Publicado: Madrid : Dykinso, 2013
Materias:
Acceso en línea:Acceso restringido

MARC

LEADER 00000nam a22000007a 4500
005 20131218161943.0
007 cr|||| ||||
008 131218s2013 sp |||||s|||| 00||0 spa d
020 |a 978-84-9031-703-7 
035 |a 11689 
040 |a vLex 
090 |c 4639  |d 4639 
100 1 |a Jara Gm̤ez, Ana M. 
245 1 0 |a Mujer y guerra en los balcanes  |h [Recurso electrn̤ico] :  |b Kosovo: entre los derechos perdidos y la identidad pendiente /  |c Ana M. Jara Gm̤ez  
256 |a Servicio en ln̕ea 
260 |a Madrid :  |b Dykinso,  |c 2013 
300 |a 1 recurso electrn̤ico 
506 1 |a Contenido solo disponible en los productos indicados  |d vLex Global  |d vLex Global (Academic Edition, excluding Law Schools)  |d vLex Global (U.S. Academic Edition, Law Schools)  |d vLex Global (U.S. Academic Edition, excluding Law Schools)  |d vLex Global (Academic Edition, Law Schools) 
650 0 4 |a Mujeres en la guerra  |z Kosovo 
650 0 4 |a Derecho internacional 
650 0 4 |a Derecho constitucional 
740 0 |a vLex Libros (Servicio en ln̕ea) 
856 4 0 |u http://vlex.com/source/mujer-y-guerra-balcanes-kosovo-derechos-perdidos-y-identidad-pendiente-11689  |z Acceso restringido 
942 |c BOOK 
999 0 |a Women in war 
999 0 |a Constitutional law 
999 0 |a Internacional Law